Мы похожи, но мы разные: учебное пособие

Λεπτομέρειες βιβλιογραφικής εγγραφής
Κύριος συγγραφέας: Писарчик Н. Ю.
Άλλοι συγγραφείς: Прохоров Ю. Е.
Περίληψη:Пособие предназначено для продвинутого этапа обучения русскому языку как иностранному. Цель пособия - развитие навыков устной монологической и диалогической речи на материале текстов культуроведческого характера (публицистических , художественных, учебных). Рекомендуется для работы с преподавателем.
Γλώσσα:Ρωσικά
Έκδοση: Санкт-Петербург, Златоуст, 2000
Έκδοση:2-е изд.
Θέματα:
Μορφή: MixedMaterials Βιβλίο
KOHA link:https://koha.lib.tpu.ru/cgi-bin/koha/opac-detail.pl?biblionumber=340298

MARC

LEADER 00000nam0a2200000 4500
001 340298
005 20231102005226.0
010 |a 5865471724 
035 |a (RuTPU)RU\TPU\book\367046 
090 |a 340298 
100 |a 20180313d2000 m y0rusy50 ca 
101 0 |a rus 
102 |a RU 
105 |a a j 000zy 
200 1 |a Мы похожи, но мы разные  |e учебное пособие  |f Н. Ю. Писарчик, Ю. Е. Прохоров 
205 |a 2-е изд. 
210 |a Санкт-Петербург  |c Златоуст  |d 2000 
215 |a 102 с.  |c ил. 
330 |a Пособие предназначено для продвинутого этапа обучения русскому языку как иностранному. Цель пособия - развитие навыков устной монологической и диалогической речи на материале текстов культуроведческого характера (публицистических , художественных, учебных). Рекомендуется для работы с преподавателем. 
606 1 |a Русский язык  |x Для других народов  |x Учебные руководства и пособия  |2 stltpush  |3 (RuTPU)RU\TPU\subj\26400  |9 50340 
610 1 |a русский язык для иностранцев 
610 1 |a русский язык как иностранный 
610 1 |a лексика 
610 1 |a устная речь 
610 1 |a письменная речь 
610 1 |a страноведение 
610 1 |a литературные тексты 
610 1 |a упражнения 
686 |a Ш141.2-96  |v LBC/SL-A  |2 rubbk 
700 1 |a Писарчик  |b Н. Ю. 
701 1 |a Прохоров  |b Ю. Е. 
801 1 |a RU  |b 63413507  |c 20180313 
801 2 |a RU  |b 63413507  |c 20180328  |g RCR 
942 |c BK